00836nam a22002417a 450000500170000001000130001702000100003003500130004003700170005304000120007008200130008210000280009524500880012326000590021127000570027030000310032765000260035870000240038470000230040894200220043199900190045395201220047220170124105933.0 aA-681505 c20.00 aA-681505 bCen Lib/ Ret aDPLbEN a300bAGG aAggarwal, Kuldeep98793 aUnderstanding social science /cby Kuldeep Aggarwal, K.Ratna Rao [and] B. Malhotra  aNew DelhibPitambar Publishing Company Pvt. Ltd.c200? a888, East Park Road , Karol Bagh bNew Delhie110005 a72p. :bCol.ill.c23cm(Hb) aSocial Science 98794 aRao, K. Ratna98795 aMalhotra, B.98796 2ddccENh300mAGG c123980d123980 00104070aLbLd2015-06-13eCen Lib/Retg20.00l0o300 AGGpA-681505r2015-06-13 00:00:00t1v20.00w2015-06-13yEN